| 000 | 01218cam a2200385 a 4500 | ||
|---|---|---|---|
| 999 |
_c7334 _d7334 |
||
| 001 | .b64149419 | ||
| 003 | OSt | ||
| 005 | 20210408154305.0 | ||
| 008 | 160118s2015 spc|||| ||||| 000 0 spa|c | ||
| 015 |
_aLL2016 _2bnc |
||
| 017 |
_aDL B 20149-2015 _bBiblioteca de Catalunya |
||
| 020 | _a9788416418282 | ||
| 035 | _a(OCoLC)954068318 | ||
| 040 |
_aES-BaCBU _bcat _cES-BaCBU _dES-BaBC |
||
| 043 | _ae-sp--- | ||
| 080 |
_a070 _x(460) _x"19":32 _22004 |
||
| 090 |
_aPN5317.P6 _bS25 2015 |
||
| 100 | 1 |
_aSantos, Luis _q(Santos Serra) |
|
| 245 | 1 | 3 |
_aLa Prensa que se vendió / _cLuis Santos |
| 260 |
_aBarcelona : _bCatarsis, _c2015 |
||
| 300 |
_a208 p. : _bil. ; _c21 cm |
||
| 490 | 1 |
_aColección Catarsis ; _v104 |
|
| 648 | 9 |
_aSegle XX _2thub |
|
| 650 | 9 |
_aGovern i premsa _2thub |
|
| 650 | 9 |
_aMitjans de comunicació de massa _2thub |
|
| 650 | 9 |
_aPolítica _2thub |
|
| 650 | 9 |
_aHistòria _2thub |
|
| 650 | 9 |
_aPeriodisme _2thub |
|
| 650 | 9 |
_aTransició democràtica espanyola, 1975-1982 _2thub |
|
| 650 | 7 |
_aPremsa i política _zEspanya _xHistòria _yS. XX _2lemac |
|
| 830 | 0 |
_aCatarsis ; _v104 |
|
| 907 |
_a.b64149419 _b18-02-21 _c19-10-15 _d18-01-16 _em _fa _g- _hspa _ispc _j0 _k0 |
||
| 940 | _aBC | ||
| 942 |
_2udc _cMON |
||